| 000 | 00941 a2200193 4500 | ||
|---|---|---|---|
| 003 | Nust | ||
| 005 | 20170207153412.0 | ||
| 010 | _a40004802 | ||
| 040 | _cNust | ||
| 082 | _a355.02 | ||
| 100 | _aEpstein, Israel, | ||
| 245 |
_aThe people’s war _cI. Epstein _hwith six full-page woodcuts carved specially for this book by Chen Yin-chiao |
||
| 260 |
_aV. Gollancz ltd., _bLondon, _c1939 |
||
| 300 |
_a384 p _bincl. front., _cillus _e23 cm |
||
| 505 | _aThis land is Ours (Page-9) Song of Resistance (Page-26) Defiance (Page-38) Birth of an Army (page-59) Trial by Fire (Page-80) Decision (page-118) Appraisal (Page-133) Counter-Attack (Page-161) The People War (Page-198) The Fighting Democracy (Page-233) New Fourth Army (Page-260) Universal Resistance (page-281) Fight for Hankow (Page-305) Transition (Page-334) China Marches on (Page-358) | ||
| 538 | _aAlmirah No.52, Shelf No.6 | ||
| 600 | _aEpstein, Israel, | ||
| 650 | _aThe people’s war | ||
| 942 |
_2ddc _cBK |
||
| 999 |
_c185405 _d185405 |
||